Juventud y trabajo: un reto para principios de siglo /

Gespeichert in:
Bibliographische Detailangaben
1. Verfasser: García Guzmán, Brígida
Weitere Verfasser: reseañdora Navarrete, Emma Liliana
Format: Text
Schlagworte:
Tags: Tag hinzufügen
Keine Tags, Fügen Sie den ersten Tag hinzu!

MARC

LEADER 00000 a a2200000 04500
001 7578
003
040
100 |a García Guzmán, Brígida  
245 |a Juventud y trabajo:   |b un reto para principios de siglo /  |c Brígida García Guzmán 
650 |a RESEÑAS BIBLIOGRAFICAS  
650 |a TRABAJADORES JOVENES  
650 |a POBLACION ACTIVA  
700 |a reseañdora   |a Navarrete, Emma Liliana  
773 |g volumen 18, número 3 (54); páginas 597-609  
999 |c 23865  |d 23865